Estatísticas para Quem é esse político?

Clique aqui para jogar o quiz

Estatísticas Gerais

  • Esse quiz foi jogado 49 vezes
  • A pontuação média é 16 de 27

Estatísticas das Respostas

Resposta% Correto
Lula
93%
FHC
91%
Jair Bolsonaro
91%
Sergio Moro
88%
Brizola
81%
Dilma
81%
Getúlio Vargas
81%
Marina Silva
79%
José Serra
77%
Juscelino
74%
Gilberto Gil
72%
João Goulart
70%
Marta Suplicy
63%
Tancredo Neves
60%
Luiza Erundina
49%
Mário Covas
49%
Ronaldo Caiado
49%
Benedita
47%
Nilo Peçanha
40%
Plínio Salgado
37%
Ademar de Barros
33%
Marighella
33%
Carlos Lacerda
28%
Romeu Tuma
28%
Luiz Carlos Prestes
26%
Antonieta de Barros
19%
Zélia
14%

Distribuição das Pontuações

Percentil de Números Respondidos

Porcentagem de Pessoas com Cada Pontuação

Sua Pontuação Histórica

Você não jogou esse quiz